000 01005nas a2200349 4500
001 BR2010001758
003 BR-BrBNA
005 20231205114205.0
007 ta
008 230509b bl.|||p| |||| 00| 00por d
040 _aBR-BrBNA
_bpor
_cBiblioteca Nacional de Agricultura
041 _a(En)
072 _aP40
100 1 _aCerri, C.C.
100 1 _aBernoux, M.
100 1 _aMaia, S.M.F.
100 1 _aCerri, C.E.P.
100 1 _aCosta Junior, C.
100 1 _aFeigl, B.J.
100 1 _aFrazão, L.A.
100 1 _aMello, F.F. de C.
100 1 _aGaldos, M.V.
100 1 _aMoreira, C.S.
100 1 _aCarvalho, J.L.N.
245 1 _aGreenhouse gas mitigation options in Brazil for land-use change, livestock and agriculture
650 _aEFEITO ESTUFA
650 _aCARBONO
650 _aCLIMA
773 0 _tScientia Agricola (Brazil)
_xISSN 0103-9016
_g(Jan-Feb 2010), v. 67(1) p. 102-116
_wBR2010001758
909 _a202311
_bLúcia
_c55
_dLúcia Elande
942 _2AGRIS
_n0
_cANA
999 _c207520
_d207520